Normal view
MARC view
Entry Topical Term
001 - CONTROL NUMBER
- control field: 2922
003 - CONTROL NUMBER IDENTIFIER
- control field: BD-RjUL
005 - DATE AND TIME OF LATEST TRANSACTION
- control field: 20220511123120.0
008 - FIXED-LENGTH DATA ELEMENTS
- fixed length control field: 220511|| aca||aabn | a|a d
040 ## - CATALOGING SOURCE
- Original cataloging agency: BD-RjUL
- Transcribing agency: BD-RjUL
150 ## - HEADING--TOPICAL TERM
- Topical term or geographic name entry element: India
- General subdivision: Constitutional history
670 ## - SOURCE DATA FOUND
- Source citation: Work cat.: (BD-RjUL)79782: Keith, Arthur Berriedale 2921, A constitutional history of India, 1600-1935 /, 1965.